000 00461nam a2200181Ia 4500
003 GCL
008 140319s9999 xx 000 0 eng d
040 _aGCL /
_cGCL
082 0 4 _a658.302
_bL S
100 1 _aLUSSIER, ROBERTN
245 1 0 _aSUPERVISION ASHILL BUILDING /
_cLUSSIER, ROBERTN
260 _a[S.N] :
_bIRWIN ،
_c1994
300 _a604
650 0 4 _aBUSINESS
650 0 4 _aADMINSTRATION
650 0 4 _aSUPERVISION OF EMPLOYEES
942 _2ddc
_cBK
999 _c11055
_d11055